000 00261nam a2200109Ia 4500
008 200302s9999 xx 000 0 und d
100 _aDavid Watkin
245 _aA History of Western Architecture
260 _bBarrie & Jenkins
260 _c1986
300 _a591 P.,
999 _c870
_d870